| 000 | 00660nam a22001817a 4500 | ||
|---|---|---|---|
| 999 |
_c14951 _d14951 |
||
| 003 | OSt | ||
| 082 | _2631.3 CHA/DE | ||
| 088 | _aT 249 | ||
| 100 |
_aANU S. CHANDRAN _93622 |
||
| 245 | _aDevelopment and testing of a continuous power operated coconut husker | ||
| 260 |
_aTavanur 2012 _bDepartment of Farm Power Machinery and Energy |
||
| 300 | _a102 | ||
| 500 | _aDevelopment and testing of a continuous power operated coconut husker | ||
| 520 | _aDevelopment and testing of a continuous power operated coconut husker | ||
| 700 |
_aDr. Jayan P.R (Guide) _93380 |
||
| 856 | _uhttps://drive.google.com/open?id=1C8TkavYsMeUielgtampA3_xcnS78rayt | ||
| 942 | _cTH | ||